| 000 | 00774nam a2200265Ia 4500 | ||
|---|---|---|---|
| 003 | OSt | ||
| 005 | 20221006142322.0 | ||
| 006 | a|||||r|||| 00| 0 | ||
| 007 | ta | ||
| 008 | 221006b |||||||| |||| 00| 0 eng d | ||
| 020 |
_a0485112647 _c803.20 |
||
| 024 | _a6,053 | ||
| 037 | _cTextual | ||
| 040 |
_aEASL _cEASL _beng |
||
| 041 |
_2eng _aeng |
||
| 082 | _aV42.N8, M8 | ||
| 100 |
_aHENNY Sue Ed. _9647385 |
||
| 245 | 0 |
_aThemes and theories in modern Japanese history _b Essays in memory of Richard Storry |
|
| 260 |
_aLondon _bAthlone Press _c1988 |
||
| 300 |
_a292p. _ccm. |
||
| 490 | _v JEL | ||
| 700 |
_a LEHMANN Jean-Pierre Ed. _9647386 |
||
| 942 |
_hV42.N8, M8 _cTEXL _2CC |
||
| 999 |
_c1074139 _d1074139 |
||